000
00302nam a2200121Ia 4500
005
20251222140058.0
008
251222s1900||||xx |||||||||||||| ||spa||
082
_a
171.7/C61
100
_a
Cipriani Thorne, Juan Luis
245
0
_a
La Urgente Búsqueda del Bien Común
264
_b
Paulinas
942
_c
LIB
999
_c
3824
_d
3824